| 000 | 01674nam a2200289 a 4500 | ||
|---|---|---|---|
| 008 | 120416s1995 ||||||||||||||||| || u | ||
| 020 | _a9280808850 | ||
| 050 | _aK 40 Kra | ||
| 100 | _aKrause, Keith | ||
| 245 | 1 | 0 | _aState, society and the UN system |
| 246 | _achanging perspectives on multilateralism | ||
| 260 |
_aTokyo _bUnited Nations University Press _c1995 |
||
| 300 | _aviii, 267 p. | ||
| 350 | _a0.00 | ||
| 500 | _a'UNUP-885'--Verso t.p. -Chapters originally appeared as papers given at the conference Changing State/Society Perspectives on the United Nations System. -Includes bibliographical references. | ||
| 650 | _aGOVERNMENT | ||
| 650 | _aWORLD POLITICS--1989--CONGRESSES | ||
| 650 | _aINTERNATIONAL RELATIONS--CONGRESSES | ||
| 650 | _aUnited Nations--Congresses | ||
| 700 | _aKnight, W. Andy | ||
| 710 | _aUnited Nations Organisation (UNO) | ||
| 995 |
_aANNEX COLLECTION (Main Library) _D0.00 _e731582 _FCBU-MAIN LIBRARY (Kitwe) _H1 _I25000.00 _jK 40 Kra _M1 _UAVAILABLE _y028657 _ZAnnex Low-Usage Collection |
||
| 995 |
_aANNEX COLLECTION (Main Library) _D0.00 _e733444 _FCBU-MAIN LIBRARY (Kitwe) _H2 _I25000.00 _jK 40 Kra _M2 _UAVAILABLE _y45195 _ZAnnex Low-Usage Collection |
||
| 995 |
_aANNEX COLLECTION (Main Library) _D0.00 _e731583 _FCBU-MAIN LIBRARY (Kitwe) _H4 _I25000.00 _jK 40 Kra _M4 _UAVAILABLE _y028666 _ZAnnex Low-Usage Collection |
||
| 995 |
_aANNEX COLLECTION (Main Library) _D0.00 _e733443 _FCBU-MAIN LIBRARY (Kitwe) _H3 _I25000.00 _jK 40 Kra _M3 _UAVAILABLE _y45198 _ZAnnex Low-Usage Collection |
||
| 995 |
_aANNEX COLLECTION (Main Library) _D0.00 _e733442 _FCBU-MAIN LIBRARY (Kitwe) _H5 _I25000.00 _jK 40 Kra _M5 _UAVAILABLE _y45197 _ZAnnex Low-Usage Collection |
||
| 999 |
_c76757 _d76757 |
||